000 00851nam a22002295i 4500
001 173517
003 ES-MaACL
005 20250902185950.0
008 091203s1970 fr |||| | fre d
080 _a929 Castro, Fidel
080 _a32(729.1)"1959/..."
245 0 0 _aFidel Castro :
_b[le romantisme révolutionnaire] /
_cA. Carpentier ... [et al.] ; sous la direction de Gilbert Handache.
260 _aParis :
_bLe Nouveau Planète,
_c1970.
300 _a147 p. :
_bil. ;
_c20 cm.
595 _aNúmero de: "Planète-Action", julio 1970.
600 1 7 _aCastro, Fidel,
_d1927-2016-
_xBiografías
_2
_9137747
651 4 _aCuba-
_xPolítica y gobierno-
_y1959-
_9165118
700 1 _aCarpentier, Alejo.
_935442
700 1 _aHandache, Gilbert.
_9141724
852 _aES-MaACL
_jE-13235
_z- Donativo doctor Calles
999 _c173517
_d173517